ARRUPE JESUIT UNIVERSITY

CORONAVIRUS -STOP THE SPREAD - CLEAN,DISINFECT,COVER

Christianity and Chinese religions (Record no. 60727)

MARC details
000 -LEADER
fixed length control field 00553nam a2200241Ia 4500
003 - CONTROL NUMBER IDENTIFIER
control field 0100
008 - FIXED-LENGTH DATA ELEMENTS--GENERAL INFORMATION
fixed length control field 130303s9999 xx 000 0 und d
020 ## - INTERNATIONAL STANDARD BOOK NUMBER
International Standard Book Number 0385260229
040 ## - CATALOGING SOURCE
Transcribing agency ARRUPELIB
050 ## - LIBRARY OF CONGRESS CALL NUMBER
Classification number BR128.C4C4813 1989
300 ## - PHYSICAL DESCRIPTION
Other physical details 309p. 22cm.
100 ## - MAIN ENTRY--PERSONAL NAME
Personal name Kung, Hans
245 ## - TITLE STATEMENT
Title Christianity and Chinese religions
260 ## - PUBLICATION, DISTRIBUTION, ETC. (IMPRINT)
Place of publication, distribution, etc New York
260 ## - PUBLICATION, DISTRIBUTION, ETC. (IMPRINT)
Name of publisher, distributor, etc Doubleday
260 ## - PUBLICATION, DISTRIBUTION, ETC. (IMPRINT)
-- 1989
300 ## - PHYSICAL DESCRIPTION
Extent xxiv
650 ## - SUBJECT ADDED ENTRY--TOPICAL TERM
Topical term following geographic name as entry element Mythology
650 ## - SUBJECT ADDED ENTRY--TOPICAL TERM
Location of event Religion, Primitive
650 ## - SUBJECT ADDED ENTRY--TOPICAL TERM
Active dates Magic
700 ## - ADDED ENTRY--PERSONAL NAME
Personal name Ching, Julia
942 ## - ADDED ENTRY ELEMENTS (KOHA)
Source of classification or shelving scheme Library of Congress Classification
Koha issues (borrowed), all copies 3
Holdings
Withdrawn status Lost status Source of classification or shelving scheme Damaged status Not for loan Collection code Home library Current library Shelving location Date acquired Total Checkouts Full call number Barcode Date last seen Date checked out Copy number Price effective from Koha item type
    Library of Congress Classification     Main Collection ARRUPE LIBRARY ARRUPE LIBRARY   05/03/2013 5 BR128.C4C4813 1989 46003093364 02/11/2017 27/10/2017 1 05/03/2013 Monograph ( Printed materials)

 

Arrupe Library. PO Box MP320 Mt Pleasant, Harare, Zimbabwe
263 242 745411|librarian@aju.ac.zw